000 01090nam a22002297a 4500
005 20111102142633.0
008 111102t xxu||||| |||| 00| 0 mar d
010 _aMAR-21504
020 _c380.00
035 _aMR-14162
037 _bDBAD / PUB
040 _aDPL
_bMR
082 _a891.463
100 _aपाटील,देवदत्त
_935655
245 _aसौदा /
_cदेवदत्त पाटील
246 _aSauda
_bby Devdat Patil
260 _aकोल्हापूर
_bरावा प्रकाशन
_c2010
270 _aअभिनंदन बुक डेपो,1495,'बी' इंदुमती अपार्टमेंट,गुलाब गल्ली,मंगलवार पेठ,
_bकोल्हापूर
_e416012
300 _a382पृ
_b18सेमी(अजिल्द)
942 _2ddc
_cMR
_h891.463
_mपाटील
999 _c58000
_d58000